| 000 | 00519nam a2200181 a 4500 | ||
|---|---|---|---|
| 005 | 20140311163034.0 | ||
| 008 | 101019s19uu xx 00 eng d | ||
| 020 | _a9781412944571 | ||
| 050 |
_aP 91.3 _b.T76 2011 |
||
| 100 | _aTreadwell, Donald | ||
| 245 |
_aIntroducing communication research : _bpaths of inquiry. / |
||
| 260 |
_aLos Angeles : _bSage, _c2011. |
||
| 300 |
_a226 p. : _bill. ; _c27 cm. |
||
| 521 | _aMC | ||
| 650 |
_aCommunication _xResearch _xMethodology. |
||
| 942 |
_cBK _2lcc _kFOR |
||
| 999 |
_c39655 _d39655 |
||